000 00347nam a2200133Ia 4500
005 20260326100039.0
008 260326s9999||||xx |||||||||||||| ||und||
100 _aPardo, Joaquin J.
245 0 _aGuia de Antigua Guatemala /
_cJoaquin J. Pardo
260 _bJosé Pineda Ibarra
300 _a281 p.
650 _aARQUITECTURA REGIONAL
942 _cBK
999 _c6935
_d6935